Literatura infantil y juvenilica (Registro nro. 550)

Detalles MARC
000 -CABECERA
Longitud fija campo de control 00987nam a2200301Ia 4500
005 - • FECHA Y HORA DE LA ÚLTIMA TRANSACCIÓN
Fecha y hora de la última transacción 20220316235314.0
008 - • CÓDIGOS DE INFORMACIÓN DE LONGITUD FIJA
Códigos de información de longitud fija 121119s1999 sp gr 001 0 spa
020 ## - • NÚMERO INTERNACIONAL NORMALIZADO PARA LIBROS
Número Internacional Normalizado para Libros (ISBN) 8471123673
041 0# - • CÓDIGO DE LENGUA
Código de lengua del texto/banda sonora o título independiente spa
082 04 - • NÚMERO DE LA CLASIFICACIÓN DECIMAL DEWEY
Número de clasificación (R) 808.899282
Número del ítem N56L
040 ## - FUENTE DE LA CATALOGACIÓN
Centro catalogador de origen CO-BoRNBP
Lengua de catalogación spa
Normas de descripción rda
Centro transcriptor CO-BoRNBP
100 1# - • PUNTO DE ACCESO PRINCIPAL-NOMBRE DE PERSONA
Nombre de persona Nobile, Angelo,
245 10 - • TITULO PROPIAMENTE DICHO
Título Literatura infantil y juvenilica
Resto del título la infancia y sus libros en la civilización tecnológica
Mención de responsabilidad, etc. Angelo Nobile
250 ## - • MENCIÓN DE EDICIÓN
Mención de edición Segunda edición
264 #1 - PRODUCCIÓN, PUBLICACIÓN , DISTRIBUCIÓN, FABRICACIÓN Y COPYRIGHT
Lugar de producción, publicación, distribución, fabricación Madrid
Nombre del productor, editor, distribuidor, fabricante Morata
Fecha de de producción, publicación, distribución, fabricación o copyright 1999
300 ## - • DESCRIPCIÓN FÍSICA
Extensión 192 páginas
336 ## - TIPO DE CONTENIDO
Término de tipo de contenido texto
Código de tipo de contenido txt
Fuente rdacontent
337 ## - TIPO DE MEDIO
Nombre del tipo de medio sin mediación
Código del tipo de medio n
Fuente rdamedia
338 ## - TIPO DE SOPORTE
Nombre del tipo de soporte volumen
Código del tipo de soporte nc
Fuente rdacarrier
490 0# - • MENCIÓN DE SERIE
Mención de serie Educación infantil y primaria
500 ## - • NOTA GENERAL
Nota general Incluye índice de autores
504 ## - • NOTA DE BIBLIOGRAFÍA, ETC
Nota de bibliografía, etc. Incluye bibliografía
650 14 - • PUNTO DE ACCESO ADICIONAL DE MATERIA - TÉRMINO DE MATERIA
Fuente del encabezamiento o término LEMB
Término de materia o nombre geográfico como elemento inicial Literatura española
650 14 - • PUNTO DE ACCESO ADICIONAL DE MATERIA - TÉRMINO DE MATERIA
Fuente del encabezamiento o término LEMB
Término de materia o nombre geográfico como elemento inicial Literatura infantil
Subdivisión de materia general Enseñanza
650 14 - • PUNTO DE ACCESO ADICIONAL DE MATERIA - TÉRMINO DE MATERIA
Fuente del encabezamiento o término LEMB
Término de materia o nombre geográfico como elemento inicial Psicopedagogía
Subdivisión de materia general Investigaciones
650 14 - • PUNTO DE ACCESO ADICIONAL DE MATERIA - TÉRMINO DE MATERIA
Fuente del encabezamiento o término LEMB
Término de materia o nombre geográfico como elemento inicial Educación de niños
942 ## - ENTRADA DE ELEMENTOS AGREGADOS (KOHA)
Fuente de clasificaión o esquema Dewey Decimal Classification
Koha [por defecto] tipo de item Libro Literatura
Existencias
Perdido Fuente de clasificación o esquema Estado Físico No para préstamo Forma de adquisición Localización permanente Localización actual Localización en estanterías Fecha adquisición Préstamos totales Signatura completa Código de barras Fecha última consulta Número de copia Fecha del precio de reemplazo Tipo de item de Koha Número de registro
  Dewey Decimal Classification     Colección General Biblioteca Pública Cumaral - Alvaro Garzon Torres Biblioteca Pública Cumaral - Alvaro Garzon Torres Literatura 06/20/2024   808.899282N561 CUM00731 06/20/2024 Ej.1 06/20/2024 Libro Literatura  
  Dewey Decimal Classification     Colección General Biblioteca Pública Fuentedeoro - Henry Llanos García Biblioteca Pública Fuentedeoro - Henry Llanos García General 05/30/2023   808.899282 N56l Fo0000991 05/30/2023 Ej.1 05/30/2023 Libro Literatura  
  Dewey Decimal Classification     Colección General Biblioteca Pública José Eustasio Rivera - San Martin Biblioteca Pública José Eustasio Rivera - San Martin General 09/19/2023   808.899282 N56I SM002618 09/19/2023 Ej.1 09/19/2023 Libro Literatura  
  Dewey Decimal Classification     Colección General Biblioteca Pública Puerto Lleras Biblioteca Pública Puerto Lleras Literatura 01/16/2025   808.899282 N56L PLL01666 01/16/2025 Ej.1 01/16/2025 Libro Literatura  
  Dewey Decimal Classification     Colección General Biblioteca Pública Puerto López - Jorge Eliecer Gaitán Biblioteca Pública Puerto López - Jorge Eliecer Gaitán General 08/28/2025   808.899282 N56L PLZ02936 08/28/2025 Ej.1 08/28/2025 Libro Literatura  
  Dewey Decimal Classification     Colección General Biblioteca Pública San Carlos de Guaroa - Eduardo Carranza Biblioteca Pública San Carlos de Guaroa - Eduardo Carranza General 06/28/2025   808.899282 N56l SG03397 06/28/2025 Ej.1 06/28/2025 Libro Literatura  
  Dewey Decimal Classification     Colección General Biblioteca Pública El Castillo - Alfonso Meneses Biblioteca Pública El Castillo - Alfonso Meneses General 07/10/2023   808.899282 N56l EC00993 07/10/2023 Ej.1 07/10/2023 Libro Literatura  
  Dewey Decimal Classification     Colección General Biblioteca Pública Guamal Biblioteca Pública Guamal General 04/10/2023   808.899282 N561 GUA003025 04/10/2023 Ej.1 04/10/2023 LIbro  
  Dewey Decimal Classification       Biblioteca Pública La Macarena Biblioteca Pública La Macarena Literatura 03/14/2026   808.899282 N56L LM03384 03/14/2026 Ej.1 03/14/2026 Libro Literatura  
  Dewey Decimal Classification     Colección General Biblioteca Pública Mapiripan Biblioteca Pública Mapiripan General 01/18/2024   808.899282N56l MAP00002734 01/18/2024 Ej.1 01/18/2024 Libro Literatura  
  Clasificación Local Facetada       Biblioteca Pública Puerto Concordia Biblioteca Pública Puerto Concordia General 03/02/2026   808.899282 N56L PCON02403 03/02/2026 Ej.1 03/02/2026 Libro Literatura  
  Dewey Decimal Classification     Colección General Biblioteca Pública Puerto Rico Biblioteca Pública Puerto Rico General 03/14/2023   808.899282N561 PR00000767 03/14/2023 Ej.1 03/14/2023 Libro Literatura  
  Dewey Decimal Classification     Colección General Biblioteca Pública Uribe - Reinerio Arenas Biblioteca Pública Uribe - Reinerio Arenas General 08/16/2024   808.899282 N56l URI01089 08/16/2024 Ej.1 08/16/2024 Libro Literatura  
  Dewey Decimal Classification       Biblioteca Pública Vistahermosa Biblioteca Pública Vistahermosa   05/20/2024   808.899282 VIST 0001075 05/20/2024 Ej.1 05/20/2024 Libro Literatura 808.899282 N561 EJ.1









Instituto Departamental de Cultura del Meta - Red Departamental de Bibliotecas Públicas del Meta.